000 00864nam a22002537a 4500
005 20250521155935.0
008 250521b |||||||| |||| 00| 0 eng d
020 _a978-1-350-26865-4 (pbk)
037 _cTB
040 _aCRL
_cCRL
041 _2eng
_aeng
084 _aW64 R4
_qCRL
100 _aSchuback, Marcia Sa Cavalcante
_9809253
245 _aFascism of ambiguity:
_bconceptual essay
260 _aLondon, UK:
_bBloomsbury Academic,
_c2024.
300 _axiii, 147p.
365 _b28.99
_cUKP
490 _aPolitical theory and contemporary philosophy
650 _aPolitical Science
650 _aFascism
_9809254
700 _aNovaes, Rodrigo Maltez
_eTranslated
_9809255
942 _2CC
_cTB
_hW64 R4
_n0
999 _c1428971
_d1428971